[Event "Thailand Team op"]
[Site "Bangkok"]
[Date "2022.12.03"]
[Round "1.1"]
[White "Sakdavisarak, Komgrib"]
[Black "Portugalera, Ric"]
[Result "0-1"]
[WhiteElo "1536"]
[BlackElo "2135"]
[PlyCount "82"]
[EventDate "2022.12.03"]
[EventType "team-swiss"]
[EventRounds "9"]
[EventCountry "THA"]
[SourceTitle "CBM 211 Extra"]
[Source "ChessBase"]
[SourceDate "2023.01.31"]
[SourceVersion "1"]
[SourceVersionDate "2023.01.31"]
[SourceQuality "1"]
[WhiteTeam "Eastville People"]
[BlackTeam "JCA"]
[WhiteTeamCountry "THA"]
[BlackTeamCountry "THA"]

1. g3 Nf6 2. Bg2 d5 3. d3 c6 4. b3 Bf5 5. Bb2 e6 6. Nd2 Bc5 7. e3 0-0 8. h3 Nbd7 9. Ne2 e5 10. g4 Be6 11. a3 Qe7 12. b4 Bb6 13. a4 Bc7 14. Qc1 Bd6 15. b5 cxb5 16. axb5 Rfc8 17. Qb1 Nb6 18. c3 Nfd7 19. 0-0 h5 20. c4 hxg4 21. hxg4 Bxg4 22. Ng3 Bb4 23. cxd5 Bxd2 24. d6 Qxd6 25. Bxb7 Nf6 26. Ra6 Rab8 27. Bxc8 Rxc8 28. d4 e4 29. Nxe4 Nxe4 30. Qxe4 Be6 31. Ba3 Qd7 32. Bc5 Bd5 33. Qh4 Qe6 34. Qg3 Qe4 35. Kh2 g6 36. Rxa7 Nc4 37. Re7 Qf5 38. Rh1 Bxh1 39. Kxh1 Ba5 40. e4 Qh5+ 41. Kg2 Bb6 0-1

[Event "Bangkok Thailand op"]
[Site "Bangkok"]
[Date "2021.12.19"]
[Round "6"]
[White "Bootsumran, Sirin"]
[Black "Portugalera, Ric"]
[Result "0-1"]
[WhiteElo "1213"]
[BlackElo "2075"]
[PlyCount "76"]
[EventDate "2021.12.15"]
[EventType "swiss"]
[EventRounds "9"]
[EventCountry "THA"]
[SourceTitle "CBM 206 Extra"]
[Source "ChessBase"]
[SourceDate "2022.03.31"]
[SourceVersion "1"]
[SourceVersionDate "2022.03.31"]
[SourceQuality "1"]

1. e4 c5 2. Nf3 d6 3. d4 cxd4 4. Nxd4 Nf6 5. Nc3 a6 6. Bg5 e6 7. f4 Qb6 8. Nb3 Nbd7 9. Qf3 Qc7 10. 0-0-0 b5 11. g4 Bb7 12. Bxf6 gxf6 13. Bg2 Rc8 14. Kb1 b4 15. Ne2 Qxc2+ 16. Ka1 Qc7 17. Qe3 Rg8 18. Bf3 Nc5 19. Rc1 Qb6 20. Rhd1 Be7 21. h3 a5 22. e5 Nxb3+ 23. Qxb3 d5 24. Rxc8+ Bxc8 25. Rc1 Bd7 26. Qd3 fxe5 27. Qxh7 Rf8 28. fxe5 Qe3 29. Rf1 Qxe5 30. Qd3 a4 31. Qa6 a3 32. Qa8+ Bd8 33. Rb1 Qe3 34. Ng1 axb2+ 35. Rxb2 Qxg1+ 36. Rb1 Qd4+ 37. Rb2 Rh8 38. Qa6 Bf6 0-1

[Event "Bangkok Thailand op"]
[Site "Bangkok"]
[Date "2021.12.15"]
[Round "1"]
[White "Portugalera, Ric"]
[Black "Asavayutphol, Pattarapong"]
[Result "1-0"]
[WhiteElo "2075"]
[BlackElo "1310"]
[PlyCount "65"]
[EventDate "2021.12.15"]
[EventType "swiss"]
[EventRounds "9"]
[EventCountry "THA"]
[SourceTitle "CBM 206 Extra"]
[Source "ChessBase"]
[SourceDate "2022.03.31"]
[SourceVersion "1"]
[SourceVersionDate "2022.03.31"]
[SourceQuality "1"]

1. d4 d5 2. Nf3 Nf6 3. Bf4 c5 4. e3 Nc6 5. c3 Qb6 6. Qc2 g6 7. Nbd2 Bg7 8. h3 h5 9. Be2 Bf5 10. Qb3 c4 11. Qxb6 axb6 12. a3 b5 13. Rc1 Nd7 14. Nh4 Be6 15. 0-0 0-0 16. Rfe1 Bf6 17. Nhf3 Bf5 18. Bd1 e5 19. dxe5 Ndxe5 20. Nxe5 Bxe5 21. Bh6 Bg7 22. Bxg7 Kxg7 23. Nf3 Rfe8 24. Bc2 Be4 25. Red1 Rad8 26. Nd4 Nxd4 27. Rxd4 f5 28. Bd1 Bd3 29. Bf3 Be4 30. Rcd1 Re5 31. Be2 Bc2 32. R1d2 Bb3 33. Bf3 1-0

[Event "THA-chT op"]
[Site "Bangkok"]
[Date "2020.12.12"]
[Round "6.2"]
[White "Portugalera, Ric"]
[Black "Causo, Deniel"]
[Result "1/2-1/2"]
[WhiteElo "2084"]
[BlackElo "2285"]
[PlyCount "75"]
[EventDate "2020.12.10"]
[EventType "team-swiss"]
[EventRounds "9"]
[EventCountry "THA"]
[SourceTitle "CBM 199 Extra"]
[Source "ChessBase"]
[SourceDate "2021.01.31"]
[SourceVersion "1"]
[SourceVersionDate "2021.01.31"]
[SourceQuality "1"]
[WhiteTeam "JCA Anglo"]
[BlackTeam "Double Bishop"]
[WhiteTeamCountry "THA"]
[BlackTeamCountry "THA"]

1. d4 d5 2. c4 c6 3. cxd5 cxd5 4. Nc3 Nc6 5. Bf4 Nf6 6. e3 a6 7. Rc1 Bf5 8. Nf3 e6 9. Qb3 Bd6 10. Bxd6 Qxd6 11. Be2 0-0 12. 0-0 b5 13. Qd1 Rfc8 14. h3 Na5 15. Bd3 Qb4 16. Bxf5 exf5 17. Qe2 Nc4 18. b3 Nd6 19. Qb2 Qa5 20. Ne2 b4 21. Rc5 Rxc5 22. dxc5 Qxc5 23. Rc1 Qb6 24. Nfd4 g6 25. Nc6 Nde8 26. Nf4 d4 27. Nxd4 Rd8 28. Rc6 Qb7 29. Nxf5 gxf5 30. Rxf6 Nxf6 31. Qxf6 Rd1+ 32. Kh2 Qd7 33. Qg5+ Kf8 34. Qh6+ Kg8 35. Qg5+ Kf8 36. Qh6+ Kg8 37. Qg5+ Kf8 38. Qh6+ 1/2-1/2

[Event "THA-chT op"]
[Site "Bangkok"]
[Date "2020.12.10"]
[Round "1.2"]
[White "Wiwatanadate, Poompong"]
[Black "Portugalera, Ric"]
[Result "0-1"]
[WhiteElo "2040"]
[BlackElo "2084"]
[PlyCount "66"]
[EventDate "2020.12.10"]
[EventType "team-swiss"]
[EventRounds "9"]
[EventCountry "THA"]
[SourceTitle "CBM 199 Extra"]
[Source "ChessBase"]
[SourceDate "2021.01.31"]
[SourceVersion "1"]
[SourceVersionDate "2021.01.31"]
[SourceQuality "1"]
[WhiteTeam "Chess Avengers 101"]
[BlackTeam "JCA Anglo"]
[WhiteTeamCountry "THA"]
[BlackTeamCountry "THA"]

1. e4 e6 2. d4 d5 3. Nd2 Be7 4. Bd3 c5 5. c3 cxd4 6. cxd4 dxe4 7. Nxe4 Nc6 8. Nf3 Nf6 9. 0-0 0-0 10. Ng3 Nb4 11. Bb1 b6 12. Bg5 Bb7 13. a3 Nbd5 14. Re1 h6 15. Bd2 Qc7 16. Qe2 Nf4 17. Qe3 N6d5 18. Qe4 f5 19. Qc2 Qd6 20. Ne5 Nxg2 21. Rc1 Nh4 22. Qd1 Bf6 23. Qh5 Bxe5 24. dxe5 Qd8 25. Ba2 Nc7 26. Rxc7 Nf3+ 27. Kg2 Qxc7 28. Bxh6 Qxe5 29. Kh3 Rf6 30. Be3 f4 31. Qxe5 Nxe5 32. Bd4 Rh6+ 33. Nh5 Rxh5# 0-1

[Event "Bangkok Chinese New Year op"]
[Site "Bangkok"]
[Date "2020.01.25"]
[Round "6"]
[White "Arunnuntapanich, Tinnakrit"]
[Black "Portugalera, Ric"]
[Result "1-0"]
[WhiteElo "2046"]
[BlackElo "2029"]
[PlyCount "107"]
[EventDate "2020.01.25"]
[EventType "swiss (rapid)"]
[EventRounds "9"]
[EventCountry "THA"]
[SourceTitle "CBM 194 Extra"]
[Source "ChessBase"]
[SourceDate "2020.03.31"]
[SourceVersion "1"]
[SourceVersionDate "2020.03.31"]
[SourceQuality "1"]

1. d4 Nf6 2. c4 e6 3. Nf3 b6 4. g3 Ba6 5. Qc2 c5 6. Bg2 Nc6 7. 0-0 cxd4 8. Rd1 Rc8 9. Qa4 Na5 10. Nbd2 Bb7 11. Nxd4 Bxg2 12. Kxg2 Qc7 13. b3 Bc5 14. N2f3 Bxd4 15. Nxd4 0-0 16. Ba3 Rfd8 17. Rac1 Qe5 18. Be7 Re8 19. Nf3 Qxe2 20. Bxf6 gxf6 21. Qxd7 Nc6 22. Qd2 Qxd2 23. Rxd2 Red8 24. Rcd1 Kf8 25. Nd4 Rxd4 26. Rxd4 Nxd4 27. Rxd4 Ke7 28. Rh4 Rh8 29. Kf3 f5 30. Ke3 Kf6 31. Rd4 Ke7 32. b4 Rc8 33. Kd3 a5 34. b5 e5 35. Rh4 Rd8+ 36. Kc3 e4 37. Rh6 Rd3+ 38. Kc2 f6 39. c5 bxc5 40. b6 Kd7 41. Rxh7+ Kc6 42. b7 Rd8 43. Rf7 Rh8 44. h4 a4 45. a3 Rg8 46. Kc3 Kd5 47. Rxf6 Ke5 48. Rc6 Rb8 49. Rc7 Kd5 50. h5 Kd6 51. Rg7 Re8 52. h6 e3 53. fxe3 Rxe3+ 54. Kd2 1-0

[Event "Bangkok Chinese New Year op"]
[Site "Bangkok"]
[Date "2020.01.25"]
[Round "1"]
[White "Portugalera, Ric"]
[Black "Vogelsanger, Nicolas"]
[Result "1-0"]
[WhiteElo "2029"]
[BlackElo "1359"]
[PlyCount "75"]
[EventDate "2020.01.25"]
[EventType "swiss (rapid)"]
[EventRounds "9"]
[EventCountry "THA"]
[SourceTitle "CBM 194 Extra"]
[Source "ChessBase"]
[SourceDate "2020.03.31"]
[SourceVersion "1"]
[SourceVersionDate "2020.03.31"]
[SourceQuality "1"]

1. d4 Nf6 2. Bf4 g6 3. Nc3 Bg7 4. e4 d6 5. Qd2 Nbd7 6. 0-0-0 c5 7. dxc5 Nxc5 8. f3 Qb6 9. Be3 Bd7 10. Nge2 Rc8 11. Nd4 a6 12. g4 Qc7 13. g5 Nh5 14. Nd5 Qd8 15. Nb3 Nxb3+ 16. axb3 Rc6 17. Be2 Be6 18. f4 b5 19. f5 Bxd5 20. exd5 Rc8 21. Bxh5 gxh5 22. Bd4 Bxd4 23. Qxd4 Rg8 24. h4 Qc7 25. Rd2 Qa5 26. Kb1 Qc7 27. Re1 Kd7 28. Rde2 Rce8 29. Qe4 Qd8 30. Qf3 f6 31. Qxh5 fxg5 32. hxg5 Rg7 33. f6 exf6 34. Rxe8 Qa5 35. Qh3+ Kc7 36. R1e7+ Rxe7 37. Rxe7+ Kb6 38. Qe3# 1-0

[Event "THA-chT"]
[Site "Bangkok"]
[Date "2019.12.19"]
[Round "7.2"]
[White "Barbe, Tom"]
[Black "Portugalera, Ric"]
[Result "1/2-1/2"]
[WhiteElo "2025"]
[BlackElo "2063"]
[PlyCount "95"]
[EventDate "2019.12.16"]
[EventType "team-swiss"]
[EventRounds "9"]
[EventCountry "THA"]
[SourceTitle "CBM 194 Extra"]
[Source "ChessBase"]
[SourceDate "2020.03.31"]
[SourceVersion "1"]
[SourceVersionDate "2020.03.31"]
[SourceQuality "1"]
[WhiteTeam "Red Knight CC"]
[BlackTeam "JCA Alpha"]
[WhiteTeamCountry "THA"]
[BlackTeamCountry "THA"]

1. e4 e6 2. d4 d5 3. Nd2 Be7 4. Ngf3 Nf6 5. e5 Nfd7 6. Bd3 c5 7. c3 Nc6 8. 0-0 g5 9. dxc5 Nxc5 10. Bb5 Qb6 11. Qe2 a6 12. Bxc6+ bxc6 13. Nb3 Nxb3 14. axb3 g4 15. Nd2 Rg8 16. b4 a5 17. bxa5 Rxa5 18. Rxa5 Qxa5 19. Nb3 Qb6 20. Qc2 Rg6 21. Be3 Qc7 22. Bc5 Qxe5 23. Bxe7 Kxe7 24. Nd4 Bd7 25. b4 Rh6 26. g3 Qh5 27. f4 gxf3 28. Rxf3 Rf6 29. Rxf6 Kxf6 30. Qf2+ Kg7 31. Nf3 e5 32. Qe3 f6 33. Qa7 Qf7 34. Qe3 Bh3 35. Qc5 Qd7 36. Nh4 Kf7 37. Kf2 e4 38. Qe3 Kg8 39. Qd4 Qe6 40. Qa7 f5 41. Qb8+ Kg7 42. Qc7+ Kh6 43. Qf4+ Kg7 44. Qc7+ Kg8 45. Qd8+ Kf7 46. Qc7+ Kg8 47. Qd8+ Kf7 48. Qc7+ 1/2-1/2

[Event "THA-chT"]
[Site "Bangkok"]
[Date "2019.12.18"]
[Round "6.2"]
[White "Portugalera, Ric"]
[Black "Khumnorkaew, Tupfah"]
[Result "1/2-1/2"]
[WhiteElo "2063"]
[BlackElo "2075"]
[PlyCount "46"]
[EventDate "2019.12.16"]
[EventType "team-swiss"]
[EventRounds "9"]
[EventCountry "THA"]
[SourceTitle "CBM 194 Extra"]
[Source "ChessBase"]
[SourceDate "2020.03.31"]
[SourceVersion "1"]
[SourceVersionDate "2020.03.31"]
[SourceQuality "1"]
[WhiteTeam "JCA Alpha"]
[BlackTeam "Chiang Mai"]
[WhiteTeamCountry "THA"]
[BlackTeamCountry "THA"]

1. d4 Nf6 2. Nf3 e6 3. c4 d5 4. Nc3 c6 5. e3 Nbd7 6. Qc2 a6 7. b3 Bd6 8. Bb2 0-0 9. Be2 dxc4 10. Bxc4 b5 11. Bd3 Bb7 12. 0-0 c5 13. Ne4 Bxe4 14. Bxe4 Nxe4 15. Qxe4 Nf6 16. Qc2 Rc8 17. dxc5 Rxc5 18. Qe2 Qe7 19. Rac1 Rfc8 20. Rxc5 Rxc5 21. Ba3 Rc3 22. Bb2 Rc5 23. Ba3 Rc3 1/2-1/2

[Event "Laos op"]
[Site "Vientiane"]
[Date "2018.01.07"]
[Round "9"]
[White "Portugalera, Ric"]
[Black "Habla, Jony"]
[Result "0-1"]
[WhiteElo "2172"]
[BlackElo "2205"]
[PlyCount "110"]
[EventDate "2018.01.03"]
[EventType "swiss"]
[EventRounds "9"]
[EventCountry "LAO"]
[SourceTitle "CBM 182 Extra"]
[Source "ChessBase"]
[SourceDate "2018.02.23"]
[SourceVersion "1"]
[SourceVersionDate "2018.02.23"]
[SourceQuality "1"]

1. d4 Nf6 2. Nf3 g6 3. c4 Bg7 4. Nc3 0-0 5. Bf4 d6 6. e3 b6 7. Be2 Bb7 8. h3 e6 9. 0-0 Qe7 10. Bh2 Nbd7 11. Rc1 Rad8 12. b4 e5 13. Re1 h6 14. Qb3 c6 15. c5 Ne8 16. Ne4 dxc5 17. dxc5 Ndf6 18. Nd6 Nxd6 19. cxd6 Rxd6 20. Bxe5 Rd5 21. Bd4 Rfd8 22. Bc4 Rf5 23. Be2 Bf8 24. a3 Ne4 25. Red1 h5 26. Ba1 Re8 27. Qb2 f6 28. Bd3 Bg7 29. Bxe4 Qxe4 30. Qd4 Qxd4 31. Nxd4 Rd5 32. Nf3 Red8 33. Rxd5 Rxd5 34. Bd4 Kf7 35. Kf1 Bf8 36. Ke1 g5 37. Nd2 c5 38. bxc5 bxc5 39. Bb2 Rd3 40. g3 Be7 41. Rc4 Rd7 42. h4 Bd5 43. Ra4 Bc6 44. Rc4 Rb7 45. Bc1 Ke6 46. Ne4 Kd5 47. Nd2 Bb5 48. Rc3 Ba6 49. f3 gxh4 50. gxh4 f5 51. e4+ Kd4 52. Rc2 Bd3 53. Rb2 Bxh4+ 54. Kd1 Rg7 55. Nb3+ Kc3 0-1

[Event "THA-chT"]
[Site "Bangkok"]
[Date "2015.12.06"]
[Round "6.1"]
[White "Saeheng, Boonsueb"]
[Black "Portugalera, Ric"]
[Result "1/2-1/2"]
[WhiteElo "2282"]
[BlackElo "2220"]
[PlyCount "71"]
[EventDate "2015.12.04"]
[EventType "team-swiss"]
[EventRounds "9"]
[EventCountry "THA"]
[SourceTitle "CBM 170 Extra"]
[Source "ChessBase"]
[SourceDate "2016.02.25"]
[SourceVersion "1"]
[SourceVersionDate "2016.02.25"]
[SourceQuality "1"]
[WhiteTeam "Khuntongkum"]
[BlackTeam "Chonburi JCA"]
[WhiteTeamCountry "THA"]
[BlackTeamCountry "THA"]

1. d4 Nf6 2. c4 e6 3. g3 d5 4. Bg2 Be7 5. Nf3 0-0 6. 0-0 c6 7. Qc2 Nbd7 8. Nbd2 b6 9. e4 Ba6 10. Re1 Nxe4 11. Nxe4 dxe4 12. Rxe4 Bb7 13. Re1 c5 14. Be3 cxd4 15. Bxd4 Qc7 16. Qe2 Rac8 17. b3 Bf6 18. Rad1 Rfd8 19. Be3 Bc6 20. Nd4 Bxg2 21. Kxg2 Nc5 22. Nb5 Qb7+ 23. f3 Be7 24. Bf4 a6 25. Nd6 Bxd6 26. Bxd6 Qc6 27. Be7 Re8 28. Bxc5 bxc5 29. Rd3 a5 30. a4 Rb8 31. Red1 h6 32. Rd6 Qc7 33. Qd3 Qb7 34. Rb1 Qc7 35. Rd7 Qb6 36. Re1 1/2-1/2

[Event "Bangkok op 14th"]
[Site "Bangkok"]
[Date "2014.04.13"]
[Round "3"]
[White "Yutithamnon, Surapole"]
[Black "Portugalera, Ric"]
[Result "1/2-1/2"]
[WhiteElo "1959"]
[BlackElo "2182"]
[PlyCount "113"]
[EventDate "2014.04.12"]
[EventType "swiss"]
[EventRounds "9"]
[EventCountry "THA"]
[SourceTitle "CBM 159 Extra"]
[Source "ChessBase"]
[SourceDate "2014.04.24"]
[SourceVersion "1"]
[SourceVersionDate "2014.04.24"]
[SourceQuality "1"]

1. f4 d5 2. Nf3 c6 3. e3 Bg4 4. h3 Bxf3 5. Qxf3 Nd7 6. d4 Ngf6 7. Bd3 Qc7 8. 0-0 e6 9. Nd2 Bd6 10. e4 dxe4 11. Nxe4 Nxe4 12. Bxe4 g6 13. Bd2 Nf6 14. Rae1 0-0-0 15. c4 Bc5 16. dxc5 Nxe4 17. Bc3 Nxc3 18. Qxc3 Rhe8 19. Qe3 Qa5 20. a3 Qd2 21. Rf2 Qxe3 22. Rxe3 Rd1+ 23. Kh2 Red8 24. Kg3 R8d4 25. b3 a5 26. a4 R1d3 27. Rfe2 Kd7 28. Kf2 Rxe3 29. Rxe3 Rd2+ 30. Kf3 h5 31. h4 Ke7 32. Kg3 Rd4 33. Kf3 Rd2 34. Kg3 Rd1 35. Kf3 Kf6 36. Ke2 Rd4 37. Kf3 Ke7 38. Kg3 f6 39. Kf3 Rd2 40. Kg3 Rd4 41. Kf3 f5 42. g3 Kf6 43. Ke2 Re4 44. Kf3 Rd4 45. Ke2 e5 46. Rd3 Rxd3 47. Kxd3 e4+ 48. Ke3 Ke6 49. Kd4 Kd7 50. Ke3 Kc7 51. Kd4 Kb8 52. Ke3 Ka7 53. Kd4 Ka6 54. Ke3 b6 55. Kd4 bxc5+ 56. Ke3 Kb6 57. Ke2 1/2-1/2